|
|
|
|
| LEADER |
00000nam0a2200000 4500 |
| 001 |
253961 |
| 005 |
20231101232907.0 |
| 010 |
|
|
|a 9785160055190
|
| 035 |
|
|
|a (RuTPU)RU\TPU\book\276381
|
| 090 |
|
|
|a 253961
|
| 100 |
|
|
|a 20140318d2014 m y0rusy50 ca
|
| 101 |
0 |
|
|a rus
|
| 102 |
|
|
|a RU
|
| 105 |
|
|
|a y j 001zy
|
| 200 |
1 |
|
|a Концепции современного естествознания. Социогуманитарная интерпретация специфики современной науки
|e учебное пособие
|f Т. Г. Лешкевич
|
| 210 |
|
|
|a Москва
|c Инфра-М
|d 2014
|
| 215 |
|
|
|a 334 с.
|c ил.
|
| 225 |
1 |
|
|a Высшее образование. Бакалавриат
|
| 320 |
|
|
|a Библиогр.: с. 329-331.
|
| 330 |
|
|
|a В учебном пособии предлагается философская интерпретация проблем современного естествознания в контексте соотношения естественнонаучной и социогуманитарной культуры. Показаны особенности науки, критически проанализирован российский контекст развития современной науки, выявлена специфика методологии и конкретных дисциплинарных областей, проведен социогуманитарный анализ наиболее значимых для современной науки принципов, понятий и концепций.Для широкой аудитории интересующихся современным состоянием науки и естествознания. Может быть рекомендовано студентам, аспирантам, соискателям и преподавателям в процессе подготовки к экзамену кандидатского минимума по истории и философии науки; заполняет возникший дефицит интерпретационного подхода в курсе «Концепции современного естествознания».
|
| 606 |
1 |
|
|a Естествознание
|x Концептуальные основы
|2 stltpush
|3 (RuTPU)RU\TPU\subj\67376
|9 83201
|
| 610 |
1 |
|
|a естественнонаучная культура
|
| 610 |
1 |
|
|a гуманитарная культура
|
| 610 |
1 |
|
|a научные методы
|
| 610 |
1 |
|
|a история
|
| 610 |
1 |
|
|a научная картина мира
|
| 610 |
1 |
|
|a наука
|
| 610 |
1 |
|
|a эволюция
|
| 610 |
1 |
|
|a современная биоэтика
|
| 610 |
1 |
|
|a учебные пособия
|
| 675 |
|
|
|a 50(075.8)
|v 3
|
| 700 |
|
1 |
|a Лешкевич
|b Т. Г.
|g Татьяна Геннадьевна
|
| 801 |
|
1 |
|a RU
|b 63413507
|c 20140318
|
| 801 |
|
2 |
|a RU
|b 63413507
|c 20150630
|g RCR
|
| 942 |
|
|
|c BK
|
| 959 |
|
|
|a 51/20140317
|d 2
|e 339,90
|f ЧЗТЛ:1
|f АНЛ:1
|